The door in the wall / (Record no. 2816)

MARC details
000 -LEADER
fixed length control field 00834pam a2200265 a 4500
005 - DATE AND TIME OF LATEST TRANSACTION
control field 20240116100347.0
020 ## - INTERNATIONAL STANDARD BOOK NUMBER
International Standard Book Number 038507283X :
Terms of availability $12.95
040 ## - CATALOGING SOURCE
Original cataloging agency DLC
Transcribing agency DLC
Modifying agency DLC
Language of cataloging eng
050 00 - LIBRARY OF CONGRESS CALL NUMBER
Classification number PZ7.D35
Item number Do 1989
082 00 - DEWEY DECIMAL CLASSIFICATION NUMBER
Classification number 808
Edition number 19
100 1# - MAIN ENTRY--PERSONAL NAME
Personal name De Angeli, Marguerite
Dates associated with a name 1889-
245 14 - TITLE STATEMENT
Title The door in the wall /
Statement of responsibility, etc. by Marguerite de Angeli
250 ## - EDITION STATEMENT
Edition statement August 1990
260 ## - PUBLICATION, DISTRIBUTION, ETC.
Place of publication, distribution, etc. New York :
Name of publisher, distributor, etc. Dell Publishing,
Date of publication, distribution, etc. 1949
300 ## - PHYSICAL DESCRIPTION
Extent 120 pages :
Other physical details illustrations ;
Dimensions 20cm
505 ## - FORMATTED CONTENTS NOTE
Formatted contents note Z
520 ## - SUMMARY, ETC.
Summary, etc. A crippled boy in fourteenth-century England proves his courage and earns recognition from the King.
521 ## - TARGET AUDIENCE NOTE
Target audience note 920
Source Lexile
521 ## - TARGET AUDIENCE NOTE
Target audience note Z
Source Raz-Plus
650 #1 - SUBJECT ADDED ENTRY--TOPICAL TERM
Topical term or geographic name entry element Middle Ages
General subdivision Fiction.
650 #1 - SUBJECT ADDED ENTRY--TOPICAL TERM
Topical term or geographic name entry element People with disabilities
Form subdivision Fiction.
906 ## - LOCAL DATA ELEMENT F, LDF (RLIN)
a 7
b cbc
c orignew
d 1
e ocip
f 19
g y-gencatlg
942 ## - ADDED ENTRY ELEMENTS (KOHA)
Source of classification or shelving scheme Dewey Decimal Classification
Koha item type Books
Suppress in OPAC No
999 ## -
-- 2816
-- 2816
Holdings
Withdrawn status Lost status Source of classification or shelving scheme Damaged status Not for loan Collection Home library Current library Shelving location Date acquired Total Checkouts Full call number Barcode Date last seen Price effective from Koha item type
    Dewey Decimal Classification     Fiction Footprints International School Library Network Toul Kork Campus Footprints International School Library Network Toul Kork Campus TTP Secondary Fiction Bookshelves 01/16/2024   ANG 808 PZ7.D35 FIS00769 01/16/2024 01/16/2024 Books